[Event "blitmenteam"]
[Site "?"]
[Date "2016.10.07"]
[Round "15.16"]
[White "Usmanov, Vasily"]
[Black "Babikov, Ivan"]
[Result "0-1"]
[LiveChessVersion "1.4.4"]
[BlackElo "2189"]
[WhiteElo "2396"]

1. Nf3 {[%clk 0:03:03]} d5 2. e3 Nf6 {[%clk 0:03:01]} 3. c4 {[%clk 0:03:06]} e6
{[%clk 0:02:50]} 4. Nc3 {[%clk 0:03:07]} Be7 {[%clk 0:02:50]} 5. b3
{[%clk 0:03:08]} O-O {[%clk 0:02:51]} 6. Bb2 {[%clk 0:03:09]} b6 {[%clk 0:02:51]}
7. cxd5 {[%clk 0:03:09]} exd5 {[%clk 0:02:47]} 8. d4 {[%clk 0:03:09]} Ba6
{[%clk 0:02:44]} 9. Bxa6 {[%clk 0:03:09]} Nxa6 {[%clk 0:02:45]} 10. Qe2
{[%clk 0:03:02]} Nb4 {[%clk 0:02:39]} 11. a3 {[%clk 0:02:57]} Nc6
{[%clk 0:02:39]} 12. b4 {[%clk 0:02:58]} a5 {[%clk 0:02:36]} 13. b5
{[%clk 0:02:59]} Na7 {[%clk 0:02:36]} 14. O-O {[%clk 0:02:59]} c6
{[%clk 0:02:31]} 15. bxc6 {[%clk 0:02:59]} Nxc6 {[%clk 0:02:31]} 16. Rfc1
{[%clk 0:02:58]} Rc8 {[%clk 0:02:27]} 17. Qb5 {[%clk 0:02:41]} Na7
{[%clk 0:02:02]} 18. Qa6 {[%clk 0:02:40]} Ra8 {[%clk 0:02:00]} 19. Qb7
{[%clk 0:02:30]} Re8 {[%clk 0:01:45]} 20. Ne5 {[%clk 0:02:31]} Qb8
{[%clk 0:01:40]} 21. Qxb8 {[%clk 0:02:09]} Raxb8 {[%clk 0:01:39]} 22. a4
{[%clk 0:02:06]} b5 {[%clk 0:01:35]} 23. axb5 {[%clk 0:02:03]} Nxb5
{[%clk 0:01:35]} 24. Rxa5 {[%clk 0:01:58]} Nxc3 {[%clk 0:01:01]} 25. Bxc3
{[%clk 0:01:57]} Rec8 {[%clk 0:01:01]} 26. Raa1 {[%clk 0:01:53]} Ne4
{[%clk 0:00:58]} 27. Be1 {[%clk 0:01:53]} Bd6 {[%clk 0:00:37]} 28. Nd3
{[%clk 0:01:43]} f6 {[%clk 0:00:34]} 29. h4 {[%clk 0:01:38]} f5 {[%clk 0:00:32]}
30. Kf1 {[%clk 0:01:24]} Kf7 {[%clk 0:00:26]} 31. Rxc8 {[%clk 0:01:21]} Rxc8
{[%clk 0:00:26]} 32. Ra7+ {[%clk 0:01:22]} Kf6 {[%clk 0:00:26]} 33. f3
{[%clk 0:01:20]} Ng3+ {[%clk 0:00:22]} 34. Bxg3 {[%clk 0:01:16]} Bxg3
{[%clk 0:00:23]} 35. Nc5 {[%clk 0:01:00]} Bxh4 {[%clk 0:00:19]} 36. Rd7
{[%clk 0:01:00]} Re8 {[%clk 0:00:15]} 37. Rd6+ {[%clk 0:00:50]} Kf7
{[%clk 0:00:13]} 38. Ke2 {[%clk 0:00:39]} Bg5 {[%clk 0:00:13]} 39. Rd7+
{[%clk 0:00:34]} Kg6 {[%clk 0:00:11]} 40. Rd6+ {[%clk 0:00:32]} Kh5
{[%clk 0:00:11]} 41. Ne6 {[%clk 0:00:30]} Bf6 {[%clk 0:00:08]} 42. Kd3
{[%clk 0:00:25]} Kh4 {[%clk 0:00:09]} 43. Nf4 {[%clk 0:00:22]} Kg3
{[%clk 0:00:09]} 44. Nxd5 {[%clk 0:00:19]} Kxg2 {[%clk 0:00:10]} 45. Nxf6
{[%clk 0:00:20]} gxf6 {[%clk 0:00:10]} 46. Rxf6 {[%clk 0:00:21]} Kxf3
{[%clk 0:00:10]} 47. Rxf5+ {[%clk 0:00:22]} Kg4 {[%clk 0:00:11]} 48. Rf1
{[%clk 0:00:18]} h5 {[%clk 0:00:12]} 49. d5 {[%clk 0:00:16]} h4 {[%clk 0:00:12]}
50. e4 {[%clk 0:00:17]} h3 {[%clk 0:00:13]} 51. Kd4 {[%clk 0:00:17]} h2
{[%clk 0:00:13]} 52. d6 {[%clk 0:00:16]} Ra8 {[%clk 0:00:04]} 53. e5
{[%clk 0:00:15]} Ra4+ {[%clk 0:00:04]} 54. Kd5 {[%clk 0:00:16]} Ra5+
{[%clk 0:00:04]} 55. Ke6 {[%clk 0:00:16]} Ra2 {[%clk 0:00:05]} 56. d7
{[%clk 0:00:16]} Rd2 {[%clk 0:00:06]} 57. Ke7 {[%clk 0:00:16]} Rd5
{[%clk 0:00:06]} 58. e6 {[%clk 0:00:16]} 0-1

[Event "blitmenteam"]
[Site "?"]
[Date "2016.10.07"]
[Round "15.17"]
[White "Shcherbakov, Ruslan"]
[Black "Fedoseev, Vladimir"]
[Result "0-1"]
[LiveChessVersion "1.4.4"]
[BlackElo "2702"]
[WhiteElo "2493"]

1. e4 {[%clk 0:03:02]} e6 {[%clk 0:03:03]} 2. d4 {[%clk 0:02:58]} d5
{[%clk 0:03:05]} 3. Nd2 {[%clk 0:02:57]} c5 {[%clk 0:03:05]} 4. exd5
{[%clk 0:02:51]} Qxd5 {[%clk 0:03:05]} 5. dxc5 {[%clk 0:02:48]} Qxc5
{[%clk 0:03:06]} 6. Ne4 {[%clk 0:02:42]} Qc7 {[%clk 0:03:06]} 7. Nf3
{[%clk 0:02:37]} Nd7 {[%clk 0:03:06]} 8. Bd3 {[%clk 0:02:33]} Ngf6
{[%clk 0:03:06]} 9. Nxf6+ {[%clk 0:02:28]} Nxf6 {[%clk 0:03:07]} 10. O-O
{[%clk 0:02:28]} Be7 {[%clk 0:03:01]} 11. Qe2 {[%clk 0:01:56]} O-O
{[%clk 0:03:00]} 12. c4 {[%clk 0:01:57]} b6 {[%clk 0:02:59]} 13. b3
{[%clk 0:01:56]} Bb7 {[%clk 0:02:59]} 14. Bb2 {[%clk 0:01:56]} Rad8
{[%clk 0:02:59]} 15. Rad1 {[%clk 0:01:57]} Qf4 {[%clk 0:02:56]} 16. Qe5
{[%clk 0:01:35]} Qh6 {[%clk 0:02:50]} 17. Qg5 {[%clk 0:01:21]} Qxg5
{[%clk 0:02:48]} 18. Nxg5 {[%clk 0:01:22]} h6 {[%clk 0:02:47]} 19. Nf3
{[%clk 0:01:16]} Ne4 {[%clk 0:02:44]} 20. Bc2 {[%clk 0:00:35]} Bc5
{[%clk 0:02:43]} 21. Bd4 {[%clk 0:00:33]} Bxd4 {[%clk 0:02:40]} 22. Rxd4
{[%clk 0:00:33]} Nc3 {[%clk 0:02:41]} 23. Re1 {[%clk 0:00:18]} Bxf3
{[%clk 0:02:41]} 24. Rxd8 {[%clk 0:00:19]} Rxd8 {[%clk 0:02:41]} 25. gxf3
{[%clk 0:00:20]} Rd2 {[%clk 0:02:39]} 26. Bb1 {[%clk 0:00:16]} f5
{[%clk 0:02:36]} 27. Kf1 {[%clk 0:00:11]} Kf7 {[%clk 0:02:36]} 28. Rc1
{[%clk 0:00:12]} Ne2 {[%clk 0:02:27]} 29. Rc2 {[%clk 0:00:09]} Rxc2
{[%clk 0:02:22]} 30. Bxc2 {[%clk 0:00:10]} Nd4 {[%clk 0:02:22]} 31. Bd1
{[%clk 0:00:11]} Ke7 {[%clk 0:02:20]} 32. f4 {[%clk 0:00:09]} Kd6
{[%clk 0:02:20]} 33. b4 {[%clk 0:00:11]} Nc6 {[%clk 0:02:17]} 34. a3
{[%clk 0:00:12]} a5 {[%clk 0:02:18]} 35. c5+ 0-1

[Event "blitmenteam"]
[Site "?"]
[Date "2016.10.07"]
[Round "15.18"]
[White "Chigaev, Maksim"]
[Black "Salemgareev, Tagir"]
[Result "1-0"]
[LiveChessVersion "1.4.4"]
[BlackElo "2149"]
[WhiteElo "2563"]

1. e4 {[%clk 0:03:03]} c5 {[%clk 0:03:03]} 2. Nf3 {[%clk 0:03:04]} d6
{[%clk 0:03:04]} 3. d4 {[%clk 0:03:06]} cxd4 4. Qxd4 {[%clk 0:03:07]} a6 5. h3
Nc6 {[%clk 0:03:06]} 6. Qe3 {[%clk 0:03:10]} g6 7. Be2 Bg7 {[%clk 0:03:07]} 8.
O-O {[%clk 0:03:12]} Nf6 {[%clk 0:03:08]} 9. c4 {[%clk 0:03:13]} O-O
{[%clk 0:03:08]} 10. Rd1 {[%clk 0:03:13]} Nd7 {[%clk 0:03:08]} 11. Nc3
{[%clk 0:03:15]} Nde5 {[%clk 0:03:06]} 12. Rb1 {[%clk 0:03:16]} Nxf3+
{[%clk 0:03:00]} 13. Bxf3 {[%clk 0:03:17]} Qa5 {[%clk 0:02:52]} 14. Bd2
{[%clk 0:03:18]} Qc5 {[%clk 0:02:45]} 15. Nd5 {[%clk 0:03:13]} Qxe3
{[%clk 0:02:21]} 16. Bxe3 {[%clk 0:03:14]} Be6 {[%clk 0:02:18]} 17. Nb6
{[%clk 0:03:06]} Rad8 {[%clk 0:02:16]} 18. Be2 {[%clk 0:03:06]} f5
{[%clk 0:02:11]} 19. exf5 {[%clk 0:02:56]} Bxf5 {[%clk 0:02:00]} 20. Bd3 Bxd3 21.
Rxd3 {[%clk 0:02:58]} Ne5 {[%clk 0:02:02]} 22. Rdd1 {[%clk 0:02:58]} Nd7
{[%clk 0:01:42]} 23. Nd5 {[%clk 0:02:58]} Rf7 {[%clk 0:01:44]} 24. Bg5
{[%clk 0:02:45]} Nf6 {[%clk 0:01:42]} 25. Nb6 {[%clk 0:01:58]} h6
{[%clk 0:01:37]} 26. Be3 {[%clk 0:01:57]} Nd7 {[%clk 0:01:33]} 27. Nd5
{[%clk 0:01:58]} Nf6 {[%clk 0:01:18]} 28. Nf4 {[%clk 0:01:58]} g5
{[%clk 0:01:17]} 29. Ne6 {[%clk 0:02:00]} Rc8 {[%clk 0:01:19]} 30. b3
{[%clk 0:01:54]} Ne4 {[%clk 0:01:19]} 31. Nxg7 {[%clk 0:01:54]} Kxg7
{[%clk 0:01:14]} 32. f3 {[%clk 0:01:52]} Ng3 {[%clk 0:01:10]} 33. Bf2
{[%clk 0:01:41]} Nh5 {[%clk 0:00:59]} 34. Rbc1 {[%clk 0:01:41]} Nf4
{[%clk 0:00:59]} 35. Kf1 {[%clk 0:01:42]} Rf5 {[%clk 0:00:56]} 36. Bd4+
{[%clk 0:01:32]} Kf7 {[%clk 0:00:53]} 37. Be3 {[%clk 0:01:27]} Ra5
{[%clk 0:00:42]} 38. Rc2 {[%clk 0:01:20]} Ne6 {[%clk 0:00:39]} 39. Re1
{[%clk 0:01:14]} Rc6 {[%clk 0:00:37]} 40. Bd2 {[%clk 0:01:08]} Rf5
{[%clk 0:00:36]} 41. Be3 {[%clk 0:00:54]} Rc8 {[%clk 0:00:27]} 42. Rce2
{[%clk 0:00:43]} Ng7 {[%clk 0:00:21]} 43. Bd4 {[%clk 0:00:39]} e5
{[%clk 0:00:21]} 44. Bf2 {[%clk 0:00:36]} Ne6 {[%clk 0:00:20]} 45. Rd2
{[%clk 0:00:37]} Ke7 {[%clk 0:00:21]} 46. Red1 {[%clk 0:00:38]} Rc6
{[%clk 0:00:22]} 47. c5 {[%clk 0:00:24]} dxc5 {[%clk 0:00:23]} 48. Rd7+
{[%clk 0:00:25]} Kf6 {[%clk 0:00:19]} 49. Rxb7 {[%clk 0:00:26]} Nd4
{[%clk 0:00:21]} 50. Rc1 {[%clk 0:00:22]} Kg6 {[%clk 0:00:16]} 51. Rd7
{[%clk 0:00:20]} Ne6 {[%clk 0:00:07]} 52. Rd5 {[%clk 0:00:13]} Kf6
{[%clk 0:00:06]} 53. Bxc5 {[%clk 0:00:10]} Rf4 {[%clk 0:00:06]} 54. Be7+
{[%clk 0:00:10]} Kxe7 {[%clk 0:00:06]} 55. Rxc6 {[%clk 0:00:11]} Nd4
{[%clk 0:00:05]} 56. Rxe5+ {[%clk 0:00:11]} Kd7 {[%clk 0:00:06]} 57. Rc4
{[%clk 0:00:10]} Kd6 {[%clk 0:00:05]} 58. Re4 {[%clk 0:00:10]} Rxe4 59. fxe4
{[%clk 0:00:12]} Ne6 {[%clk 0:00:08]} 60. Ke2 {[%clk 0:00:11]} Nf4+
{[%clk 0:00:09]} 61. Kf3 {[%clk 0:00:13]} Nd3 {[%clk 0:00:09]} 62. Ke3
{[%clk 0:00:14]} Ne5 {[%clk 0:00:09]} 63. Ra4 {[%clk 0:00:16]} Kc5
{[%clk 0:00:08]} 64. Rxa6 {[%clk 0:00:15]} Kb4 {[%clk 0:00:09]} 65. Kd4
{[%clk 0:00:15]} 1-0

[Event "blitmenteam"]
[Site "?"]
[Date "2016.10.07"]
[Round "15.19"]
[White "Scherbakov, Mikhail"]
[Black "Predke, Alexandr"]
[Result "0-1"]
[LiveChessVersion "1.4.4"]
[BlackElo "2500"]
[WhiteElo "1986"]

1. e4 {[%clk 0:03:03]} g6 {[%clk 0:03:02]} 2. d4 {[%clk 0:03:04]} Bg7
{[%clk 0:03:04]} 3. Nc3 {[%clk 0:03:05]} d6 {[%clk 0:03:03]} 4. Nf3
{[%clk 0:03:06]} a6 {[%clk 0:03:00]} 5. Bd3 {[%clk 0:03:01]} b5 {[%clk 0:03:01]}
6. O-O {[%clk 0:03:01]} Bb7 {[%clk 0:02:59]} 7. Re1 {[%clk 0:02:59]} e6
{[%clk 0:02:56]} 8. Bf4 {[%clk 0:02:52]} Ne7 {[%clk 0:02:49]} 9. Qd2
{[%clk 0:02:52]} h6 {[%clk 0:02:45]} 10. h4 {[%clk 0:02:43]} Nd7 {[%clk 0:02:44]}
11. Rad1 {[%clk 0:02:43]} Nf6 {[%clk 0:02:37]} 12. a3 {[%clk 0:02:33]} Ng4
{[%clk 0:02:22]} 13. Ne2 {[%clk 0:02:22]} e5 {[%clk 0:02:17]} 14. Bg3
{[%clk 0:02:02]} c5 {[%clk 0:02:14]} 15. dxe5 {[%clk 0:01:53]} dxe5
{[%clk 0:02:14]} 16. c4 {[%clk 0:01:45]} Qb6 {[%clk 0:02:00]} 17. Nc3
{[%clk 0:01:44]} Rd8 {[%clk 0:01:46]} 18. Qe2 {[%clk 0:01:39]} bxc4
{[%clk 0:01:23]} 19. Bxc4 {[%clk 0:01:40]} O-O {[%clk 0:01:23]} 20. Nd5
{[%clk 0:01:27]} Nxd5 {[%clk 0:01:02]} 21. Bxd5 {[%clk 0:01:27]} Bxd5
{[%clk 0:00:59]} 22. exd5 {[%clk 0:01:21]} Rfe8 {[%clk 0:00:59]} 23. Qc4
{[%clk 0:01:14]} f5 {[%clk 0:00:48]} 24. h5 {[%clk 0:00:31]} gxh5
{[%clk 0:00:15]} 25. Bh4 {[%clk 0:00:31]} Rd6 {[%clk 0:00:14]} 26. b4
{[%clk 0:00:22]} cxb4 {[%clk 0:00:14]} 27. axb4 {[%clk 0:00:23]} e4
{[%clk 0:00:11]} 28. Nh2 {[%clk 0:00:14]} Be5 {[%clk 0:00:09]} 29. Nxg4
{[%clk 0:00:14]} hxg4 {[%clk 0:00:10]} 30. Qc5 {[%clk 0:00:15]} Rb8
{[%clk 0:00:07]} 31. Be7 {[%clk 0:00:16]} Rg6 {[%clk 0:00:06]} 32. d6
{[%clk 0:00:15]} Qxc5 {[%clk 0:00:05]} 33. bxc5 {[%clk 0:00:16]} Bf6
{[%clk 0:00:07]} 34. c6 Bxe7 {[%clk 0:00:08]} 35. c7 {[%clk 0:00:08]} Rc8
{[%clk 0:00:04]} 36. dxe7 {[%clk 0:00:08]} Kf7 {[%clk 0:00:03]} 37. Rd8
{[%clk 0:00:09]} Rg8 {[%clk 0:00:04]} 38. Red1 {[%clk 0:00:07]} Kxe7
{[%clk 0:00:05]} 39. Rxg8 {[%clk 0:00:07]} Rxg8 {[%clk 0:00:06]} 40. Ra1
{[%clk 0:00:08]} Rc8 {[%clk 0:00:07]} 41. Rxa6 {[%clk 0:00:10]} Rxc7
{[%clk 0:00:08]} 42. Rxh6 {[%clk 0:00:11]} Rc2 {[%clk 0:00:09]} 43. Ra6
{[%clk 0:00:10]} Rd2 {[%clk 0:00:10]} 44. Rb6 {[%clk 0:00:10]} Rd6
{[%clk 0:00:11]} 45. Rb5 {[%clk 0:00:11]} Ke6 {[%clk 0:00:13]} 46. g3
{[%clk 0:00:13]} Rd5 {[%clk 0:00:13]} 47. Rb8 {[%clk 0:00:13]} Ke5
{[%clk 0:00:15]} 48. Re8+ {[%clk 0:00:15]} Kd4 {[%clk 0:00:16]} 0-1

[Event "blitmenteam"]
[Site "?"]
[Date "2016.10.07"]
[Round "15.20"]
[White "Yuffa, Daniil"]
[Black "Gilyazov, Amir"]
[Result "1-0"]
[LiveChessVersion "1.4.4"]
[BlackElo "2252"]
[WhiteElo "2460"]

1. d4 {[%clk 0:03:02]} Nf6 {[%clk 0:03:03]} 2. c4 {[%clk 0:03:03]} e6
{[%clk 0:03:03]} 3. g3 {[%clk 0:03:04]} d5 {[%clk 0:02:56]} 4. Nf3
{[%clk 0:03:05]} Be7 {[%clk 0:02:56]} 5. Bg2 {[%clk 0:03:06]} O-O
{[%clk 0:02:56]} 6. O-O {[%clk 0:03:06]} Nbd7 {[%clk 0:02:54]} 7. Qc2
{[%clk 0:03:06]} c6 {[%clk 0:02:51]} 8. Nbd2 {[%clk 0:03:07]} b6 {[%clk 0:02:46]}
9. e4 {[%clk 0:03:08]} dxe4 {[%clk 0:02:46]} 10. Nxe4 {[%clk 0:03:07]} Nxe4
{[%clk 0:02:46]} 11. Qxe4 {[%clk 0:03:08]} Bb7 {[%clk 0:02:45]} 12. Bf4
{[%clk 0:02:54]} Rc8 {[%clk 0:02:16]} 13. Rfd1 {[%clk 0:02:52]} Nf6
{[%clk 0:02:13]} 14. Qe2 {[%clk 0:02:49]} Qe8 {[%clk 0:02:03]} 15. Ne5
{[%clk 0:02:48]} Ba8 {[%clk 0:01:49]} 16. b3 {[%clk 0:02:20]} c5 {[%clk 0:01:45]}
17. Bxa8 {[%clk 0:02:08]} Rxa8 {[%clk 0:01:46]} 18. Qf3 {[%clk 0:02:08]} cxd4
{[%clk 0:01:37]} 19. Rxd4 {[%clk 0:02:06]} Bc5 {[%clk 0:01:38]} 20. Rd2
{[%clk 0:02:07]} Qe7 {[%clk 0:01:18]} 21. Rad1 {[%clk 0:02:01]} h6
{[%clk 0:01:03]} 22. Nc6 {[%clk 0:01:35]} Qb7 {[%clk 0:00:55]} 23. Rd7
{[%clk 0:01:15]} Qxd7 {[%clk 0:00:50]} 24. Rxd7 Nxd7 {[%clk 0:00:51]} 25. b4
{[%clk 0:01:16]} e5 {[%clk 0:00:44]} 26. Bc1 {[%clk 0:00:53]} Bd4
{[%clk 0:00:35]} 27. Qf5 {[%clk 0:00:38]} Nf6 {[%clk 0:00:32]} 28. Bxh6
{[%clk 0:00:30]} gxh6 {[%clk 0:00:08]} 29. Qxf6 {[%clk 0:00:30]} Rfe8
{[%clk 0:00:08]} 30. Ne7+ {[%clk 0:00:28]} Rxe7 {[%clk 0:00:03]} 31. Qxe7
{[%clk 0:00:29]} Rc8 1-0